000 00458nmm a2200157Ia 4500
008 251105s9999||||xx |||||||||||||||||und||
020 _a9788431539009
041 _aspa
100 _aTuan, Laura
245 0 _aEntre en... los poderes de la parapsicología
264 _a[Madrid, España] :
_bDe Vecchi,
_c2000
300 _a240 páginas
650 _aMind, body and spirituality
856 _uhttps://public.digitaliapublishing.com/a/31217
942 _cCF
999 _c81515
_d81515